UBT Library

The Rising tide of cultural pluralism : (Record no. 219)

000 -LEADER
fixed length control field 01205pam a2200289 a 4500
005 - DATE AND TIME OF LATEST TRANSACTION
control field 20131030105042.0
008 - FIXED-LENGTH DATA ELEMENTS--GENERAL INFORMATION
fixed length control field 930216s1993 wiua b s101 0 eng
020 ## - INTERNATIONAL STANDARD BOOK NUMBER
International Standard Book Number 0299138801 :
020 ## - INTERNATIONAL STANDARD BOOK NUMBER
International Standard Book Number 0299138844
041 0# - LANGUAGE CODE
Language code of text/sound track or separate title eng
080 ## - UNIVERSAL DECIMAL CLASSIFICATION NUMBER
Universal Decimal Classification number 316.75
245 04 - TITLE STATEMENT
Title The Rising tide of cultural pluralism :
Statement of responsibility, etc edited by Crawford Young.
260 ## -
-- Madison, Wis. :
-- University of Wisconsin Press,
-- c1993.
300 ## -
-- xii, 305 p. :
-- ill. ;
-- 24 cm.
500 ## -
-- Preface : f. XI-XII
500 ## -
-- Based on a Summer Seminar for College Teachers held in the summer of 1990.
504 ## - BIBLIOGRAPHY, ETC. NOTE
Bibliography, etc Includes bibliographical references and index.
650 #0 -
-- Nacionalizmi
-- Kongreset
650 #0 -
-- Pluralizmi kultural
-- Kongreset
650 #0 -
-- Grupe etnike
-- Aktiviteti politik
-- Kongreset
650 #0 -
-- Marrëdhëniet etnike
-- Aspektet politike
-- Kongreset
650 #0 -
-- Etniciteti
-- Aspektet politike
-- Kongreset
700 1# -
-- Young, Crawford,
-- 1931-
856 42 -
-- Contributor biographical information
-- http://www.loc.gov/catdir/enhancements/fy0609/93007103-b.html
856 42 -
-- Publisher description
-- http://www.loc.gov/catdir/enhancements/fy0608/93007103-d.html
942 ## - ADDED ENTRY ELEMENTS (KOHA)
Source of classification or shelving scheme
Item type Books
Holdings
Withdrawn status Lost status Source of classification or shelving scheme Damaged status Not for loan Collection code Permanent location Current location Shelving location Date acquired Total Checkouts Full call number Barcode Date last seen Koha item type
          Koleksioni i përgjithshem UBT - Prishtine UBT - Prishtine Koleksioni i përgjithshem 10/30/2013   316.75 YOU 001-000250 10/30/2013 Books
UBT Library © 2015-2024. All rights reserved University Education for Business and Technology